1368 1077 1756 1493 1447 1097 1400 1804 1312 1603 1051 1348 1069 1537 1744 1342 1620 1665 1772 1258 1619 1778 1036 1343 1135 1377 1628 1591 1975 1284 1367 1830 1046 1363 1651 1035 1979 1288 1396 1363 1576 1719 1466 1903 1437 1158 1814 1791 1481 1677 1776 1401 1527 1769 1320 1454 1873 1101 1482 1780 1190 1723 1926 1863 1668 1539 1253 1198 1630 1704 1099 1847 1331 1312 1952 1732 1029 1145 1969 1362 1549 1080 1843 1583 1247 1422 1444 1319 1217 1589 1722 1311 1775 1708 1465 1380 1972 1815 1741 BCNSPRNW ULIB Ver.6.0+V

เปลี่ยนเป็นภาษาไทย

Change to English
 แสดงรายละเอียดบรรณานุกรม
  กลับหน้าหลัก

Brief Record : Get Marc (ISO 2709) : E-mail record : QR code < ปิดหน้าต่าง
LEADER : 00000nam 2200000uu 4500
001    13399120367
003     ULIB
008    120918s2548||||th 000 0 tha d
020    ^a9749930185
060 04 ^aWY156^bค695 2548
245 00 ^aคู่มือการพยาบาลผู้ป่วยที่ได้รับการตรวจและรักษาด้วยรังสีเคมีบำบัด /^cบรรณาธิการ, ศิริวรรณ วินิจสร, จิราภรรณ ทองสุโชติและพัสมณฑ์ คุ้มทวีพร
250    ^aพิมพ์ครั้งที่ 1
260    ^aกรุงเทพฯ :^bฮายาบูสะ กราฟฟิก,^c2548
300    ^a163 หน้า ;^c21 ซม.
650  7 ^aการรักษาด้วยยา
650  7 ^aการรักษาด้วยรังสี
650  7 ^aมะเร็ง^xการรักษาด้วยยา
650  7 ^aมะเร็ง^xการรักษาด้วยรังสี
700 0  ^aศิริวรรณ วินิจสร,^eบรรณาธิการ
700 0  ^aจิราภรรณ ทองสุโชติ,^eบรรณาธิการ
700 0  ^aพัสมณฑ์ คุ้มทวีพร,^eบรรณาธิการ
945    ^p0^l0^i13938
945    ^p0^l0^i16052
945    ^p0^l0^i16053
945    ^p0^l0^i15119
995    ^aวิภา
999 ^a ใช้งานได้ทุกระบบ
รายการนี้ยังไม่มีแท็ก
คุณยังไม่ได้ล็อกอิน คุณสามารถมีกิจกรรมร่วมกับเว็บไซต์ได้ แต่ต้องล็อกอินก่อน ::
  ล็อกอิน

รายการสื่อสารสนเทศ

ลำดับที่ ประเภท เลขเรียก/บาร์โค้ด สถานที่ สถานะ
1. วิทยาศาสตร์การแพทย์ และสุขภาพ
วิทยาศาสตร์การแพทย์ และสุขภาพ
WY156 ค695 2548  
  Barcode: 13938
ห้องสมุดวิทยาเขตสวรรค์ประชารักษ์
►หนังสือทั่วไป
ถูกยืม กำหนดส่งวันที่ 11 พฤษภาคม 2558
  จอง
2. วิทยาศาสตร์การแพทย์ และสุขภาพ
วิทยาศาสตร์การแพทย์ และสุขภาพ
WY156 ค695 2548 ฉ.2 
  Barcode: 16052
ห้องสมุดวิทยาเขตสวรรค์ประชารักษ์
►หนังสือทั่วไป
ถูกยืม กำหนดส่งวันที่ 11 พฤษภาคม 2558
  จอง
3. วิทยาศาสตร์การแพทย์ และสุขภาพ
วิทยาศาสตร์การแพทย์ และสุขภาพ
WY156 ค695 2548 ฉ.3 
  Barcode: 16053
ห้องสมุดวิทยาเขตสวรรค์ประชารักษ์
►หนังสือทั่วไป
ถูกยืม กำหนดส่งวันที่ 11 พฤษภาคม 2558
  จอง
4. วิทยาศาสตร์การแพทย์ และสุขภาพ
วิทยาศาสตร์การแพทย์ และสุขภาพ
WY156 ค695 2548 ฉ.4 
  Barcode: 15119
ห้องสมุดวิทยาเขตสวรรค์ประชารักษ์
►หนังสือทั่วไป
ถูกยืม กำหนดส่งวันที่ 11 พฤษภาคม 2558
  จอง

รายการใกล้เคียง
    หัวเรื่อง [การรักษาด้วยยา]
    หัวเรื่อง [การรักษาด้วยรังสี]

BibComment


ยังไม่เคยถูกคอมเมนท์

คอมเมนท์ทรัพยากรรายการนี้
  คอมเมนท์: คู่มือการพยาบาลผ..


 Copyright 2026. Bcnsprnw @Library